000 00639nam a22001937a 4500
005 20250728105510.0
010 _aENG-146170
020 _a9789354092299
_c300.00
035 _aEN-129702
037 _adpl
_bDBAD
082 _21
_a301.149
100 _aDas, Varsha
_983376
245 _aLooking For Gandhi in Our Times/
_cVarsha Das
250 _a1
260 _aNew Delhi
_bPublications Division, Ministry of Information and Broadcasting, Government of India
_c2021
270 _aSochna Bhawan, CGO Complex, Lodhi Road
_bNew Delhi
_e110003
_mdpd@nic.in
300 _a149p.
_b22cm(pb)
942 _2ddc
_cEN
_h301.149
_mDAS
999 _c212636
_d212636